000 00588nam a2200229Ia 4500
003 OSt
005 20220928145250.0
006 a|||||r|||| 00| 0
007 ta
008 220927b |||||||| |||| 00| 0 eng d
024 _a79741
037 _cTextual
040 _aSDCL
_cSDCL
_beng
041 _2eng
_aeng
082 _aB28931, L8
100 _aDixon LCW Ed.
_9512334
245 0 _aTowards global optimisation II.
260 _c1978
700 _a Szego GP Ed.
_9512335
942 _hB28931, L8
_cTEXL
_2CC
999 _c832817
_d832817